<?xml version="1.0" encoding="UTF-8"?>
<record
    xmlns:xsi="http://www.w3.org/2001/XMLSchema-instance"
    xsi:schemaLocation="http://www.loc.gov/MARC21/slim http://www.loc.gov/standards/marcxml/schema/MARC21slim.xsd"
    xmlns="http://www.loc.gov/MARC21/slim">

  <leader>03124nam a2200553Ia 4500</leader>
  <controlfield tag="001">6624</controlfield>
  <controlfield tag="008">241029s9999    xx            000 0 und d</controlfield>
  <datafield tag="010" ind1=" " ind2=" ">
    <subfield code="a">6250</subfield>
  </datafield>
  <datafield tag="041" ind1=" " ind2=" ">
    <subfield code="a">Espa&#xF1;ol</subfield>
  </datafield>
  <datafield tag="082" ind1=" " ind2=" ">
    <subfield code="a">TAE - 2017</subfield>
  </datafield>
  <datafield tag="245" ind1=" " ind2="0">
    <subfield code="a">Uso de internet en la vida Cotidiana y en el &#xE1;mbito educativo por estudiantes y docentes de educaci&#xF3;n secundaria.</subfield>
  </datafield>
  <datafield tag="260" ind1=" " ind2=" ">
    <subfield code="a">Santo Domingo</subfield>
  </datafield>
  <datafield tag="300" ind1=" " ind2=" ">
    <subfield code="a">38</subfield>
  </datafield>
  <datafield tag="520" ind1=" " ind2=" ">
    <subfield code="a">67</subfield>
  </datafield>
  <datafield tag="630" ind1=" " ind2=" ">
    <subfield code="a">Medios Tecnol&#xF3;gicos</subfield>
  </datafield>
  <datafield tag="630" ind1=" " ind2=" ">
    <subfield code="a">Nivel Medio</subfield>
  </datafield>
  <datafield tag="630" ind1=" " ind2=" ">
    <subfield code="a">Tecnolog&#xED;a de la Informaci&#xF3;n y Comunicaci&#xF3;n (TICs)</subfield>
  </datafield>
  <datafield tag="630" ind1=" " ind2=" ">
    <subfield code="a">Tecnolog&#xED;a Educativa</subfield>
  </datafield>
  <datafield tag="650" ind1=" " ind2=" ">
    <subfield code="a">Tecnolog&#xED;a Educativa</subfield>
  </datafield>
  <datafield tag="690" ind1=" " ind2=" ">
    <subfield code="a">Copiado sin cambios</subfield>
  </datafield>
  <datafield tag="700" ind1=" " ind2=" ">
    <subfield code="e">asesor</subfield>
    <subfield code="a">Amurrio , Mila</subfield>
  </datafield>
  <datafield tag="700" ind1=" " ind2=" ">
    <subfield code="e">autor</subfield>
    <subfield code="a">Ram&#xED;rez Carrasco , Anderson Eliezer </subfield>
  </datafield>
  <datafield tag="901" ind1=" " ind2=" ">
    <subfield code="a">{"1":"Ram&#xED;rez Carrasco "}</subfield>
    <subfield code="b">{"1":"Anderson Eliezer "}</subfield>
  </datafield>
  <datafield tag="902" ind1=" " ind2=" ">
    <subfield code="a">1</subfield>
  </datafield>
  <datafield tag="903" ind1=" " ind2=" ">
    <subfield code="a">{"1":"Amurrio "}</subfield>
    <subfield code="b">{"1":"Mila"}</subfield>
  </datafield>
  <datafield tag="904" ind1=" " ind2=" ">
    <subfield code="a">M&#xE1;ster universitario oficial en</subfield>
  </datafield>
  <datafield tag="905" ind1=" " ind2=" ">
    <subfield code="a">Tecnolog&#xED;a aprendizaje y educaci&#xF3;n</subfield>
  </datafield>
  <datafield tag="906" ind1=" " ind2=" ">
    <subfield code="a">2</subfield>
  </datafield>
  <datafield tag="907" ind1=" " ind2=" ">
    <subfield code="a">NO APLICA</subfield>
  </datafield>
  <datafield tag="908" ind1=" " ind2=" ">
    <subfield code="a">NO APLICA</subfield>
  </datafield>
  <datafield tag="909" ind1=" " ind2=" ">
    <subfield code="a">Instituto Global de Altos Estudios en Ciencias Sociales (IGLOBAL)</subfield>
  </datafield>
  <datafield tag="910" ind1=" " ind2=" ">
    <subfield code="a">NULL</subfield>
    <subfield code="b">NULL</subfield>
  </datafield>
  <datafield tag="911" ind1=" " ind2=" ">
    <subfield code="a">["1"]</subfield>
  </datafield>
  <datafield tag="912" ind1=" " ind2=" ">
    <subfield code="a">Universidad del Pa&#xED;s Vasco/ Euskal Herriko Unibertsitatea (UPV/EHU) </subfield>
  </datafield>
  <datafield tag="913" ind1=" " ind2=" ">
    <subfield code="a">NULL</subfield>
  </datafield>
  <datafield tag="914" ind1=" " ind2=" ">
    <subfield code="a">01 de Septiembre de 2017</subfield>
  </datafield>
  <datafield tag="915" ind1=" " ind2=" ">
    <subfield code="a">06/11/19 09:11</subfield>
  </datafield>
  <datafield tag="916" ind1=" " ind2=" ">
    <subfield code="a">NULL</subfield>
  </datafield>
  <datafield tag="917" ind1=" " ind2=" ">
    <subfield code="a">NULL</subfield>
  </datafield>
  <datafield tag="918" ind1=" " ind2=" ">
    <subfield code="a">NO APLICA</subfield>
  </datafield>
  <datafield tag="919" ind1=" " ind2=" ">
    <subfield code="a">["297","240","296","191"]</subfield>
  </datafield>
  <datafield tag="520" ind1=" " ind2=" ">
    <subfield code="a">La investigaci&#xF3;n tuvo como objetivo, conocer el acceso y uso de internet&#xA0; tanto del alumnado como el profesorado de un centro educativo de educaci&#xF3;n secundaria en su vida cotidiana y en el &#xE1;mbito educativo.&#xA0;&#xA0;Fue hecha con una perspectiva de car&#xE1;cter cuantitativo. Para tales fines se aplic&#xF3; un cuestionario tanto a los estudiantes como profesores para establecer la tenencia de estos de medios de acceso a las TICS as&#xED; como el tipo de uso de los mismos. En el&#xA0; estudio se entrevistaron tanto los alumnos como los maestros del liceo de educaci&#xF3;n secundaria. La poblaci&#xF3;n total de alumnos de la instituci&#xF3;n de ense&#xF1;anza es de 271, de estos se seleccion&#xF3; una muestra con un nivel de confianza de un 95% y un margen de error de un 5%, la cual dio como resultado la suma de 160 alumnos.&#xA0;Dentro de los hallazgos cabe destacar que los profesores para este caso ten&#xED;an mayor acceso a los medios tecnol&#xF3;gicos que los estudiantes y que el mayor uso que se le da a los mismos es para comunicarse con amigos y familiares. Se pudo observar que un porcentaje mayor de profesores que de estudiantes pose&#xED;an los equipos para el acceso al internet, tanto computador, como tel&#xE9;fono inteligente y tableta o ipad, sin embargo solamente se pudo encontrar diferencias significativas en la tenencia del computador. Se recomienda realizar talleres para que los estudiantes utilicen estos dispositivos para tareas, investigaciones, lecturas y no solo para entretenimiento y estar conectados con familiares y amigos.</subfield>
  </datafield>
  <datafield tag="921" ind1=" " ind2=" ">
    <subfield code="a">63</subfield>
  </datafield>
  <datafield tag="922" ind1=" " ind2=" ">
    <subfield code="a">63</subfield>
  </datafield>
  <datafield tag="923" ind1=" " ind2=" ">
    <subfield code="a">1</subfield>
  </datafield>
  <datafield tag="924" ind1=" " ind2=" ">
    <subfield code="a">20191031160317</subfield>
  </datafield>
  <datafield tag="942" ind1=" " ind2=" ">
    <subfield code="c">Tesis</subfield>
  </datafield>
  <datafield tag="999" ind1=" " ind2=" ">
    <subfield code="c">6250</subfield>
    <subfield code="d">6250</subfield>
  </datafield>
</record>
